[Event "Frunze International"]
[Site "Frunze"]
[Date "1985.11.11"]
[Round "10"]
[White "Kupreichik, Viktor D"]
[Black "Yurtaev, Leonid"]
[Result "1-0"]
[WhiteElo "2470"]
[BlackElo "2435"]
[PlyCount "91"]
[EventDate "1985.11.01"]
[EventType "tourn"]
[EventRounds "15"]
[EventCountry "URS"]
[EventCategory "9"]
[SourceTitle "MCD"]
[Source "ChessBase"]
[SourceDate "1999.07.01"]
[SourceVersion "1"]
[SourceVersionDate "1999.07.01"]
[SourceQuality "1"]

1. e4 c5 2. Nf3 Nc6 3. d4 cxd4 4. Nxd4 Nf6 5. Nc3 e5 6. Ndb5 d6 7. Bg5 a6 8.
Na3 b5 9. Nd5 Be7 10. Nxe7 Nxe7 11. Bxf6 gxf6 12. c4 O-O 13. Bd3 bxc4 14. Nxc4
d5 15. exd5 Qxd5 16. O-O e4 17. Nb6 Qxd3 18. Nxa8 Nd5 19. Qc1 Bg4 20. Qc6 Rc8
21. Qb7 Nf4 22. Nb6 Re8 23. Qc6 Re5 24. Qxf6 Rf5 25. Qh4 h5 26. Rfe1 Kh7 27.
Re3 Qd4 28. h3 Nxg2 29. Kxg2 Bf3+ 30. Kh2 Qxb6 31. Rg1 Qxb2 32. Qg3 Kh6 33.
Qd6+ Kh7 34. Qg3 Kh6 35. Rb3 Qe5 36. Rb6+ Kh7 37. Qxe5 Rxe5 38. Rf6 Ra5 39.
Rxf7+ Kh6 40. Rf6+ Kh7 41. Rc1 Rg5 42. Rc7+ Kg8 43. h4 Rg2+ 44. Kh3 Rxf2 45.
Rxa6 e3 46. Raa7 1-0

[Event "Frunze International"]
[Site "Frunze"]
[Date "1985.11.15"]
[Round "14"]
[White "Kupreichik, Viktor D"]
[Black "Szekely, Peter"]
[Result "1-0"]
[WhiteElo "2470"]
[BlackElo "2450"]
[PlyCount "53"]
[EventDate "1985.11.01"]
[EventType "tourn"]
[EventRounds "15"]
[EventCountry "URS"]
[EventCategory "9"]
[SourceTitle "MCD"]
[Source "ChessBase"]
[SourceDate "1999.07.01"]
[SourceVersion "1"]
[SourceVersionDate "1999.07.01"]
[SourceQuality "1"]

1. e4 c5 2. Nf3 d6 3. d4 cxd4 4. Nxd4 Nf6 5. Nc3 a6 6. Bg5 e6 7. f4 Qb6 8. Qd2
Qxb2 9. Nb3 Nbd7 10. Bd3 Qa3 11. O-O Be7 12. Rae1 h6 13. Bh4 g5 14. fxg5 Ng4
15. e5 Ndxe5 16. h3 Nxd3 17. cxd3 Qb4 18. hxg4 hxg5 19. Re4 Qb6+ 20. Bf2 Qc7
21. Rfe1 Kf8 22. Nd5 Qd8 23. Bb6 Qd7 24. Bd4 e5 25. Nxe7 Kxe7 26. Qxg5+ Kf8 27.
Rxe5 1-0

[Event "Frunze International"]
[Site "Frunze"]
[Date "1985.11.16"]
[Round "15"]
[White "Thipsay, Praveen Mahadeo"]
[Black "Kupreichik, Viktor D"]
[Result "0-1"]
[WhiteElo "2470"]
[BlackElo "2470"]
[PlyCount "138"]
[EventDate "1985.11.01"]
[EventType "tourn"]
[EventRounds "15"]
[EventCountry "URS"]
[EventCategory "9"]
[SourceTitle "MCD"]
[Source "ChessBase"]
[SourceDate "1999.07.01"]
[SourceVersion "1"]
[SourceVersionDate "1999.07.01"]
[SourceQuality "1"]

1. e4 e5 2. Nf3 Nc6 3. Bb5 Nd4 4. Nxd4 exd4 5. O-O Bc5 6. d3 c6 7. Bc4 d5 8.
exd5 cxd5 9. Bb3 Ne7 10. Bg5 f6 11. Bf4 Be6 12. Re1 Bf7 13. c3 O-O 14. cxd4
Bxd4 15. Nc3 Ng6 16. Bg3 a5 17. Qd2 f5 18. Rab1 Kh8 19. Ne2 Bb6 20. a4 Bc5 21.
Qd1 f4 22. Nxf4 Nxf4 23. Bxf4 Bxf2+ 24. Kxf2 Qh4+ 25. Kg1 Qxf4 26. Kh1 Qd4 27.
Qd2 Bg6 28. Qc3 Qxc3 29. bxc3 Bxd3 30. Rbd1 Rae8 31. Rxe8 Rxe8 32. Kg1 Be4 33.
Bxd5 Bc2 34. Rc1 Bxa4 35. Bxb7 Bb3 36. Ra1 a4 37. Bc6 Rc8 38. Bb5 Ra8 39. Ra3
Kg8 40. Rxb3 axb3 41. Bc4+ Kf8 42. Bxb3 Ra3 43. Bd5 Rxc3 44. h4 Ke7 45. Kf2 Kf6
46. g3 Ke5 47. Ba8 Kf5 48. Bf3 h6 49. Kg2 Rc2+ 50. Kg1 Ke5 51. Kf1 Kf5 52. Kg1
g5 53. hxg5 Kxg5 54. Kf1 Kf5 55. Kg1 Ke5 56. Kf1 Kd4 57. Kg1 Ke3 58. Bd5 Rc5
59. Bb7 Rc1+ 60. Kg2 Rc2+ 61. Kg1 h5 62. Bd5 Rc5 63. Bf7 Kf3 64. Kh2 Rg5 65.
Be8 Rxg3 66. Bxh5+ Kf2 67. Bd1 Rd3 68. Bc2 Rd2 69. Bb1 Kf3+ 0-1

[Event "URS-ch otbor"]
[Site "Pinsk"]
[Date "1986.??.??"]
[Round "?"]
[White "Kupreichik, Viktor D"]
[Black "Moskalenko, Viktor"]
[Result "1-0"]
[WhiteElo "2490"]
[BlackElo "2430"]
[PlyCount "77"]
[EventDate "1986.??.??"]
[EventType "swiss"]
[EventRounds "11"]
[EventCountry "URS"]
[SourceTitle "EXT 2000"]
[Source "ChessBase"]
[SourceDate "1999.11.16"]
[SourceVersion "1"]
[SourceVersionDate "1999.11.16"]
[SourceQuality "1"]

1. e4 e6 2. d4 d5 3. Nc3 Nf6 4. Bg5 Be7 5. e5 Nfd7 6. h4 O-O 7. Qg4 f5 8. exf6
Nxf6 9. Qg3 c5 10. dxc5 Nbd7 11. O-O-O Nxc5 12. Bd3 b5 13. Nf3 b4 14. Bxf6 Bxf6
15. Ne2 a5 16. Kb1 Ba6 17. Ned4 Qb6 18. Qg4 Bxd3 19. cxd3 e5 20. Nf5 e4 21. Ng5
b3 22. a3 Ra7 23. dxe4 Bxb2 24. exd5 Qg6 25. Kxb2 Rxf5 26. Qd4 Rc7 27. Rd2 Qd6
28. Re1 Rc8 29. Ne6 Nxe6 30. Rxe6 Qd7 31. Kxb3 Qb5+ 32. Ka2 Rb8 33. Rb2 Rxf2
34. Re8+ Qxe8 35. Rxf2 Qb5 36. Rb2 Qe8 37. Rxb8 Qxb8 38. d6 Kf7 39. d7 1-0

[Event "Winnipeg"]
[Site "Winnipeg"]
[Date "1986.??.??"]
[Round "?"]
[White "Benjamin, Joel"]
[Black "Kupreichik, Viktor D"]
[Result "0-1"]
[WhiteElo "2540"]
[BlackElo "2490"]
[PlyCount "72"]
[EventDate "1986.??.??"]
[EventType "tourn"]
[EventRounds "9"]
[EventCountry "CAN"]
[SourceTitle "EXT 2010"]
[Source "ChessBase"]
[SourceDate "2010.11.25"]
[SourceVersion "1"]
[SourceVersionDate "2010.11.25"]
[SourceQuality "1"]

1. d4 d5 2. c4 e6 3. Nf3 dxc4 4. Qa4+ Nd7 5. Nc3 a6 6. g3 Rb8 7. Qxc4 b5 8. Qd3
Bb7 9. Bg2 Ngf6 10. O-O c5 11. Bg5 h6 12. Bxf6 Nxf6 13. a4 c4 14. Qc2 b4 15.
Nd1 Rc8 16. Ne3 Be4 17. Qd1 Nd5 18. Ne5 Nxe3 19. fxe3 Bxg2 20. Nxf7 Bxf1 21.
Nxd8 Bh3 22. Nb7 Be7 23. d5 O-O 24. d6 Bg5 25. d7 Rb8 26. Nd6 c3 27. bxc3 b3
28. Rb1 Bxe3+ 29. Kh1 Bc5 30. Ne4 Be7 31. Kg1 b2 32. Nd2 Bc5+ 33. Kh1 Rf2 34.
Ne4 Bg2+ 35. Kg1 Bxe4 36. d8=Q+ Rxd8 0-1

[Event "Winnipeg"]
[Site "Winnipeg"]
[Date "1986.??.??"]
[Round "?"]
[White "Kupreichik, Viktor D"]
[Black "Hjartarson, Johann"]
[Result "1-0"]
[WhiteElo "2490"]
[BlackElo "2525"]
[PlyCount "93"]
[EventDate "1986.??.??"]
[EventType "tourn"]
[EventRounds "9"]
[EventCountry "CAN"]
[SourceTitle "EXT 2010"]
[Source "ChessBase"]
[SourceDate "2010.11.25"]
[SourceVersion "1"]
[SourceVersionDate "2010.11.25"]
[SourceQuality "1"]

1. e4 e5 2. Nf3 Nc6 3. Bb5 a6 4. Ba4 Nf6 5. O-O Be7 6. Re1 b5 7. Bb3 d6 8. a4
Bb7 9. c3 Na5 10. Bc2 c5 11. d4 O-O 12. Nbd2 cxd4 13. cxd4 Nc6 14. Nb3 d5 15.
axb5 axb5 16. Rxa8 Bxa8 17. dxe5 Nxe4 18. Nfd4 Nxd4 19. Nxd4 Bc5 20. Be3 g6 21.
Nxb5 Bxe3 22. Rxe3 Qb6 23. Nd4 Qxb2 24. e6 fxe6 25. Rb3 Qa2 26. Nxe6 Rc8 27.
Qd4 Kf7 28. Rb6 Bc6 29. Nd8+ Rxd8 30. Rxc6 Qa5 31. g3 Rd7 32. Bb3 Qb5 33. Ba4
Qa5 34. Kg2 Qa7 35. Rb6 Rd6 36. Be8+ Kg8 37. Bc6 Nf6 38. Qb4 Nd7 39. Qxd6 Nxb6
40. h4 Kg7 41. Qe5+ Kf7 42. Be8+ Kg8 43. h5 gxh5 44. Bxh5 Qb7 45. Qg5+ Kf8 46.
Qf6+ Kg8 47. Bg4 1-0

[Event "Lvov Int"]
[Site "Lvov"]
[Date "1986.??.??"]
[Round "?"]
[White "Giorgadze, Tamaz"]
[Black "Kupreichik, Viktor D"]
[Result "0-1"]
[WhiteElo "2505"]
[BlackElo "2490"]
[PlyCount "88"]
[EventDate "1986.02.??"]
[EventType "tourn"]
[EventRounds "11"]
[EventCountry "URS"]
[EventCategory "9"]
[SourceTitle "EXT 1997"]
[Source "ChessBase"]
[SourceDate "1996.11.15"]
[SourceVersion "1"]
[SourceVersionDate "1996.11.15"]
[SourceQuality "1"]

1. d4 Nf6 2. c4 e6 3. Nf3 d5 4. Nc3 Bb4 5. cxd5 exd5 6. Bg5 h6 7. Bxf6 Qxf6 8.
Qb3 c5 9. e3 O-O 10. dxc5 Bxc3+ 11. bxc3 Be6 12. Nd4 Nd7 13. Be2 Nxc5 14. Qb4
Rac8 15. O-O b6 16. Rac1 Ne4 17. Bd3 Rc5 18. Qa3 Ra5 19. Qb2 Rc8 20. Bb5 Qe7
21. f3 Nc5 22. Rfe1 Bd7 23. Bf1 Kf8 24. Qb1 g6 25. c4 Ra3 26. Nc6 Qf6 27. cxd5
Bxc6 28. dxc6 Rxc6 29. e4 Qd4+ 30. Kh1 Rd6 31. e5 Re6 32. Rcd1 Qf4 33. Qb2 Re3
34. Rxe3 Qxe3 35. h3 Qxe5 36. Qb4 Kg7 37. Bc4 Rd6 38. Re1 Qd4 39. Re7 Rf6 40.
Rxa7 Rf4 41. Qxb6 Qxc4 42. Rc7 Qc1+ 43. Kh2 Rf5 44. Qd6 Qe3 0-1

[Event "Lvov Int"]
[Site "Lvov"]
[Date "1986.??.??"]
[Round "?"]
[White "Kupreichik, Viktor D"]
[Black "Palatnik, Semon"]
[Result "1-0"]
[WhiteElo "2490"]
[BlackElo "2460"]
[PlyCount "107"]
[EventDate "1986.02.??"]
[EventType "tourn"]
[EventRounds "11"]
[EventCountry "URS"]
[EventCategory "9"]
[SourceTitle "EXT 1997"]
[Source "ChessBase"]
[SourceDate "1996.11.15"]
[SourceVersion "1"]
[SourceVersionDate "1996.11.15"]
[SourceQuality "1"]

1. e4 Nf6 2. e5 Nd5 3. d4 d6 4. Nf3 Bg4 5. Be2 e6 6. O-O Be7 7. c4 Nb6 8. exd6
cxd6 9. h3 Bh5 10. Nc3 O-O 11. Re1 a6 12. b3 Nc6 13. d5 exd5 14. Nxd5 Nxd5 15.
Qxd5 Bf6 16. Qxh5 g6 17. Qh6 Bg7 18. Bg5 Bxh6 19. Bxd8 Raxd8 20. Rad1 Rfe8 21.
Nh2 b6 22. Bf3 Rxe1+ 23. Rxe1 Ne5 24. Bd5 Kf8 25. g3 b5 26. cxb5 axb5 27. a4
bxa4 28. bxa4 Rc8 29. Rb1 Rc5 30. Rb8+ Ke7 31. Rb7+ Ke8 32. Ng4 Nxg4 33. Bxf7+
Kd8 34. hxg4 Bd2 35. Be6 Rc7 36. Rxc7 Kxc7 37. Kf1 h6 38. Ke2 Ba5 39. f4 Kc6
40. f5 gxf5 41. gxf5 Bd8 42. Kf3 h5 43. Bf7 h4 44. Be8+ Kb6 45. gxh4 Bxh4 46.
Ke4 Ka5 47. Kd5 Be7 48. Ke6 Bf8 49. f6 Kb4 50. Kd5 Ka5 51. Bd7 Kb4 52. Bb5 Ka5
53. Kc6 Kb4 54. Kb6 1-0

[Event "Lvov Int"]
[Site "Lvov"]
[Date "1986.??.??"]
[Round "?"]
[White "Kupreichik, Viktor D"]
[Black "Przewoznik, Jan"]
[Result "1-0"]
[WhiteElo "2490"]
[BlackElo "2420"]
[PlyCount "69"]
[EventDate "1986.02.??"]
[EventType "tourn"]
[EventRounds "11"]
[EventCountry "URS"]
[EventCategory "9"]
[SourceTitle "EXT 1997"]
[Source "ChessBase"]
[SourceDate "1996.11.15"]
[SourceVersion "1"]
[SourceVersionDate "1996.11.15"]
[SourceQuality "1"]

1. e4 e5 2. Nf3 Nf6 3. Nxe5 d6 4. Nf3 Nxe4 5. c4 Be7 6. Be2 O-O 7. O-O d5 8.
Nc3 Nxc3 9. bxc3 dxc4 10. Bxc4 c5 11. d4 Nc6 12. d5 Na5 13. Bd3 Bf6 14. Be3 b6
15. h3 Bb7 16. Qc2 Qxd5 17. Bxh7+ Kh8 18. Rad1 Qh5 19. Be4 Bxe4 20. Qxe4 Rfe8
21. Qf4 Bxc3 22. Rd7 Bf6 23. g4 Qg6 24. g5 Re4 25. Qg3 Bb2 26. Rfd1 Rae8 27.
R1d6 R4e6 28. Nh4 Qb1+ 29. Rd1 Qxa2 30. Qf3 Rxe3 31. Qh5+ Kg8 32. g6 fxg6 33.
Nxg6 Rg3+ 34. fxg3 Bd4+ 35. Kh1 1-0

[Event "Lvov Int"]
[Site "Lvov"]
[Date "1986.??.??"]
[Round "?"]
[White "Kupreichik, Viktor D"]
[Black "Szekely, Peter"]
[Result "1-0"]
[WhiteElo "2490"]
[BlackElo "2415"]
[PlyCount "103"]
[EventDate "1986.02.??"]
[EventType "tourn"]
[EventRounds "11"]
[EventCountry "URS"]
[EventCategory "9"]
[SourceTitle "EXT 1997"]
[Source "ChessBase"]
[SourceDate "1996.11.15"]
[SourceVersion "1"]
[SourceVersionDate "1996.11.15"]
[SourceQuality "1"]

1. e4 c5 2. Nf3 d6 3. d4 cxd4 4. Nxd4 a6 5. Nc3 Nf6 6. Bg5 e6 7. f4 Be7 8. Qf3
Qc7 9. O-O-O Nbd7 10. g4 b5 11. Bxf6 gxf6 12. f5 b4 13. fxe6 bxc3 14. exd7+
Bxd7 15. e5 Qb8 16. Qxc3 fxe5 17. Nf5 Bxf5 18. gxf5 Bf6 19. Qc6+ Ke7 20. Bc4
Ra7 21. Bxf7 Kxf7 22. Rxd6 Bg5+ 23. Kb1 Rd8 24. Rhd1 Rxd6 25. Rxd6 Qa8 26. Qc4+
Kf8 27. Rc6 Rd7 28. a3 Qe8 29. f6 Rd8 30. h4 Bxh4 31. Qb4+ Kf7 32. Rc7+ Rd7 33.
Qc4+ Kf8 34. Rc8 Rd8 35. Qc5+ Kg8 36. Qg1+ Kf7 37. Qg7+ Ke6 38. Qg4+ Kf7 39.
Rc7+ Kxf6 40. Qxh4+ Ke6 41. Qc4+ Kf6 42. Rxh7 Rd1+ 43. Ka2 Rd4 44. Qxa6+ Qe6+
45. Qxe6+ Kxe6 46. b4 e4 47. Rh8 Ke5 48. Re8+ Kf4 49. b5 Rc4 50. Kb3 Rc5 51. a4
e3 52. b6 1-0

[Event "Lvov Int"]
[Site "Lvov"]
[Date "1986.??.??"]
[Round "?"]
[White "Norwood, David"]
[Black "Kupreichik, Viktor D"]
[Result "0-1"]
[WhiteElo "2460"]
[BlackElo "2490"]
[PlyCount "74"]
[EventDate "1986.02.??"]
[EventType "tourn"]
[EventRounds "11"]
[EventCountry "URS"]
[EventCategory "9"]
[SourceTitle "EXT 1997"]
[Source "ChessBase"]
[SourceDate "1996.11.15"]
[SourceVersion "1"]
[SourceVersionDate "1996.11.15"]
[SourceQuality "1"]

1. Nf3 Nf6 2. g3 d5 3. Bg2 c5 4. O-O Nc6 5. c4 g6 6. d4 dxc4 7. dxc5 Qa5 8. Nd4
Bd7 9. Na3 Bg7 10. Ndb5 Rc8 11. Bd2 Qa6 12. Rc1 Ne5 13. f4 Bxb5 14. fxe5 Ng4
15. Bh3 h5 16. Bxg4 hxg4 17. Bc3 Rxc5 18. Qd4 Qb6 19. Qf2 Bxe5 20. Qxf7+ Kd7
21. Qf2 Ba6 22. Rfd1+ Ke8 23. b4 cxb3 24. Bxe5 Rxc1 25. Rxc1 Qxf2+ 26. Kxf2
Rxh2+ 27. Ke3 Rxe2+ 28. Kf4 Bd3 29. Bh8 e5+ 30. Kg5 Rxa2 31. Rc8+ Kf7 32. Nc4
b2 33. Rc7+ Ke6 34. Rxb7 Bxc4 35. Bf6 a6 36. Rb6+ Kd5 37. Kxg6 b1=Q+ 0-1

[Event "URS-ch FL54"]
[Site "Kuibyshev"]
[Date "1986.??.??"]
[Round "?"]
[White "Kupreichik, Viktor D"]
[Black "Novikov, Igor A"]
[Result "1-0"]
[WhiteElo "2490"]
[BlackElo "2495"]
[Annotator "Dolmatov,S"]
[PlyCount "95"]
[EventDate "1986.10.??"]
[EventType "tourn"]
[EventRounds "17"]
[EventCountry "URS"]
[EventCategory "9"]
[SourceTitle "MCL"]
[Source "ChessBase"]
[SourceDate "1999.07.01"]
[SourceVersion "1"]
[SourceVersionDate "1999.07.01"]
[SourceQuality "1"]

1. c4 Nf6 2. Nc3 c5 3. g3 e6 4. Nf3 b6 5. Bg2 Bb7 6. O-O Be7 7. d4 cxd4 8. Qxd4
Nc6 9. Qd2 (9. Qf4 O-O 10. Rd1 Qb8 11. e4 Qxf4 12. Bxf4 Rfd8 13. e5 Ne8 14. Nd4
Na5 15. b3 $14 {Petrosian,T-Portisch,L/Palma de Mallorca/1974/ Inf 17/585/})
9... Na5 10. b3 d5 11. cxd5 Nxd5 12. Bb2 Nxc3 (12... Bf6 13. Nxd5 Bxd5 $10 {
Geller,E-Keres,P/Goteborg/1955/}) 13. Qxc3 Bf6 14. Ne5 Rc8 (14... Bxg2 15. Kxg2
Qd5+ 16. f3 Bxe5 17. Qxe5 Qxe5 18. Bxe5 f6 19. Bc3 Kf7 20. Rfd1 Rhd8 $14) 15.
Rfd1 $5 (15. Qe3 Bxg2 16. Kxg2 Qd5+ 17. f3 O-O 18. Rfd1 Qb5 $10) 15... Rxc3 $6
(15... Qe7 16. Qe3 Bxg2 17. Kxg2 $14) 16. Rxd8+ Bxd8 17. Bxc3 Bxg2 18. Kxg2 f6
(18... Bf6 19. Rd1 $16) 19. b4 $1 fxe5 20. bxa5 $16 Bc7 21. axb6 axb6 22. Rd1
Rf8 (22... Ke7 $2 23. Bb4+ $16) 23. Rd3 Rf5 $2 (23... Rf7 $5 24. Re3 Rd7 25.
Bxe5 Bxe5 26. Rxe5 Kf7 27. Rb5 Rd2 28. Kf3 Rxa2 29. Rxb6 $16) 24. Bb4 b5 {
/\ Bb6} 25. Be1 {/\ e4,Rb3} e4 26. Re3 Rd5 27. Rxe4 $16 Kf7 28. Bc3 Rc5 29. Re3
(29. Bb4 $5 Rc2 30. a3) 29... Rc4 30. Bb2 b4 (30... Rc2 31. Rb3 Rxe2 32. Rxb5
e5 $16) 31. Rd3 Rc2 32. Rd7+ Ke8 33. Rxg7 Bd6 34. Bd4 $18 e5 35. Be3 Rxa2 36.
Rb7 (36. Rxh7 $5 b3 37. Rb7 b2 38. h4 Ba3 39. h5 Ra1 40. h6 $18) 36... Kd8 37.
Rxh7 b3 38. Rb7 b2 39. h4 Bf8 40. h5 Bg7 41. h6 Bh8 42. g4 e4 43. g5 Kc8 44.
Rb6 Ra6 45. Rxa6 b1=Q 46. Ra8+ Kd7 47. Rxh8 Ke6 48. Re8+ 1-0

[Event "Minsk"]
[Site "Minsk"]
[Date "1986.??.??"]
[Round "?"]
[White "Kupreichik, Viktor D"]
[Black "Dydyshko, Viacheslav"]
[Result "1-0"]
[WhiteElo "2490"]
[BlackElo "2485"]
[PlyCount "69"]
[EventDate "1986.12.??"]
[EventType "tourn"]
[EventRounds "11"]
[EventCountry "URS"]
[EventCategory "9"]
[SourceTitle "EXT 1997"]
[Source "ChessBase"]
[SourceDate "1996.11.15"]
[SourceVersion "1"]
[SourceVersionDate "1996.11.15"]
[SourceQuality "1"]

1. e4 e5 2. Bc4 Nf6 3. d3 Nc6 4. Nf3 Be7 5. O-O O-O 6. Bb3 d6 7. c3 h6 8. Re1
Nh7 9. Nbd2 Ng5 10. Nxg5 Bxg5 11. Nf1 Na5 12. Ba4 f5 13. d4 f4 14. dxe5 dxe5
15. Qd5+ Qxd5 16. exd5 Rb8 17. Rxe5 b5 18. Bc2 Bb7 19. a4 b4 20. d6 Nc6 21.
dxc7 Nxe5 22. cxb8=Q Rxb8 23. h4 Bf6 24. Bxf4 bxc3 25. bxc3 Rc8 26. Rb1 Ba6 27.
Ne3 Nc4 28. Bf5 Re8 29. Nd5 Bxh4 30. Nc7 Rf8 31. Be6+ Kh7 32. g3 Rxf4 33. gxf4
Nd2 34. Nxa6 Nxb1 35. Bf5+ 1-0

[Event "Minsk"]
[Site "Minsk"]
[Date "1986.??.??"]
[Round "?"]
[White "Kupreichik, Viktor D"]
[Black "Gross, Stefan"]
[Result "1-0"]
[WhiteElo "2490"]
[BlackElo "2410"]
[PlyCount "49"]
[EventDate "1986.12.??"]
[EventType "tourn"]
[EventRounds "11"]
[EventCountry "URS"]
[EventCategory "9"]
[SourceTitle "EXT 1997"]
[Source "ChessBase"]
[SourceDate "1996.11.15"]
[SourceVersion "1"]
[SourceVersionDate "1996.11.15"]
[SourceQuality "1"]

1. e4 c5 2. Nf3 d6 3. Nc3 e6 4. g3 Nc6 5. Bg2 Nf6 6. O-O Be7 7. h3 a6 8. d3 Rb8
9. Nh2 Nd7 10. f4 Bf6 11. Be3 Bd4 12. Bxd4 cxd4 13. Ne2 e5 14. c3 Qb6 15. Rf2
Qxb2 16. Rb1 Qa3 17. cxd4 Nxd4 18. Nxd4 exd4 19. Nf3 Nc5 20. Nxd4 Qxd3 21. Qxd3
Nxd3 22. Rd2 Nc5 23. Rb6 Kd7 24. e5 dxe5 25. Ne6+ 1-0

[Event "Minsk"]
[Site "Minsk"]
[Date "1986.??.??"]
[Round "?"]
[White "Kupreichik, Viktor D"]
[Black "Gunawan, Ronny"]
[Result "1-0"]
[WhiteElo "2490"]
[BlackElo "2440"]
[PlyCount "89"]
[EventDate "1986.12.??"]
[EventType "tourn"]
[EventRounds "11"]
[EventCountry "URS"]
[EventCategory "9"]
[SourceTitle "EXT 1997"]
[Source "ChessBase"]
[SourceDate "1996.11.15"]
[SourceVersion "1"]
[SourceVersionDate "1996.11.15"]
[SourceQuality "1"]

1. c4 Nf6 2. Nf3 g6 3. b3 d6 4. Bb2 Bg7 5. g3 O-O 6. Bg2 a6 7. O-O c6 8. Qc2
Re8 9. e4 Bg4 10. d4 Bxf3 11. Bxf3 Nfd7 12. Rd1 Qc7 13. Nc3 e6 14. b4 b5 15.
cxb5 cxb5 16. a4 bxa4 17. Qxa4 Rc8 18. Rac1 Nb6 19. Qb3 Qd8 20. d5 exd5 21.
Nxd5 Rxc1 22. Bxc1 Nc6 23. Be3 Nxd5 24. exd5 Ne7 25. Bg4 Qc7 26. Qa4 Qc4 27.
Qd7 Bf6 28. Bf4 h5 29. Bh3 Qe2 30. Rf1 g5 31. Bxd6 Ng6 32. Bc7 Ne5 33. Qf5 Nf3+
34. Kh1 Bd4 35. Bg2 g4 36. Qxh5 Nd2 37. Rc1 Re8 38. h3 gxh3 39. Qxh3 Qxf2 40.
Qg4+ Kh7 41. Qh4+ Kg7 42. Qg5+ Kh7 43. Qf4 Kg7 44. Qxf2 Bxf2 45. Bh3 1-0

[Event "Moscow TV"]
[Site "Moscow"]
[Date "1987.??.??"]
[Round "?"]
[White "Razuvaev, Yuri S"]
[Black "Kupreichik, Viktor D"]
[Result "0-1"]
[WhiteElo "2510"]
[BlackElo "2475"]
[PlyCount "94"]
[EventDate "1987.05.08"]
[EventType "team-schev (rapid)"]
[EventRounds "4"]
[EventCountry "URS"]
[SourceTitle "CBM 004"]
[Source "ChessBase"]
[SourceDate "1988.06.01"]
[SourceVersion "1"]
[SourceVersionDate "1988.06.01"]
[SourceQuality "1"]

1. d4 d5 2. Nf3 Nf6 3. c4 dxc4 4. Nc3 e6 5. e4 Bb4 6. Qc2 b5 7. a4 c6 8. Be2
Bb7 9. O-O Nbd7 10. axb5 Bxc3 11. bxc3 cxb5 12. e5 Be4 13. Qb2 Nd5 14. Ng5 Bg6
15. Bf3 Qb6 16. Qa3 b4 17. cxb4 Qxd4 18. Bb2 Qd2 19. Bxd5 Qxd5 20. Rfd1 Bd3 21.
b5 Qxb5 22. Nh3 Nc5 23. Nf4 O-O 24. Bc3 Rfd8 25. h4 h6 26. Rd2 Ne4 27. Rb2 Qc5
28. Qxc5 Nxc5 29. f3 a6 30. Ra5 Nb3 31. Ra3 a5 32. Kf2 g5 33. hxg5 hxg5 34. Nh3
Bg6 35. Nxg5 Rd3 36. Rc2 Nd4 37. Rd2 Rxd2+ 38. Bxd2 a4 39. Ne4 Nb5 40. Ra2 Bxe4
41. fxe4 c3 42. Be3 a3 43. Ke2 Ra4 44. Kd3 Rb4 45. Bc1 Rd4+ 46. Ke3 Rd1 47. Ra1
c2 0-1

[Event "Berliner Sommer 05th"]
[Site "Berlin West"]
[Date "1987.??.??"]
[Round "?"]
[White "Grosar, Aljosa"]
[Black "Kupreichik, Viktor D"]
[Result "0-1"]
[WhiteElo "2355"]
[BlackElo "2500"]
[PlyCount "84"]
[EventDate "1987.08.08"]
[EventType "swiss"]
[EventRounds "9"]
[EventCountry "GER"]
[SourceTitle "EXT 1998"]
[Source "ChessBase"]
[SourceDate "1997.11.17"]
[SourceVersion "1"]
[SourceVersionDate "1997.11.17"]
[SourceQuality "1"]

1. e4 e5 2. Nf3 Nc6 3. Bb5 Nd4 4. Nxd4 exd4 5. c3 Bc5 6. O-O c6 7. Bc4 d6 8. b4
Bb6 9. Bb2 Ne7 10. Re1 O-O 11. Bd3 Ng6 12. cxd4 Qf6 13. Qc2 Nf4 14. Bf1 Ne6 15.
Na3 Nxd4 16. Qc3 Be6 17. d3 a5 18. Nc2 axb4 19. Qd2 b3 20. axb3 Bxb3 21. Nxd4
Bxd4 22. Rab1 Ra2 23. Bxd4 Qxd4 24. Qe3 Qa4 25. Qb6 Bc2 26. Rb2 Rxb2 27. Qxb2
Rb8 28. Rc1 Bb3 29. Rc3 Be6 30. Qb6 d5 31. Qc7 Qa8 32. Qb6 h6 33. e5 Qa1 34.
Rb3 Qxe5 35. d4 Qd6 36. h3 Bf5 37. Qa7 b5 38. Qa6 b4 39. Qa7 Re8 40. Qa5 Re1
41. Rxb4 Rc1 42. Rb7 Bd3 0-1

[Event "Berliner Sommer 05th"]
[Site "Berlin West"]
[Date "1987.??.??"]
[Round "?"]
[White "Kupreichik, Viktor D"]
[Black "Kosten, Anthony C"]
[Result "1-0"]
[WhiteElo "2500"]
[BlackElo "2495"]
[PlyCount "71"]
[EventDate "1987.08.08"]
[EventType "swiss"]
[EventRounds "9"]
[EventCountry "GER"]
[SourceTitle "EXT 1998"]
[Source "ChessBase"]
[SourceDate "1997.11.17"]
[SourceVersion "1"]
[SourceVersionDate "1997.11.17"]
[SourceQuality "1"]

1. e4 c5 2. Nf3 Nc6 3. d4 cxd4 4. Nxd4 Nf6 5. Nc3 d6 6. f4 e5 7. Nf3 Be7 8. Bc4
O-O 9. O-O exf4 10. Bb3 Ne5 11. Bxf4 Ng6 12. Bg3 Be6 13. Nd4 Bxb3 14. axb3 d5
15. exd5 Nxd5 16. Nxd5 Qxd5 17. c4 Qd8 18. Rf5 Bf6 19. Rd5 Qc8 20. Nb5 Ne7 21.
Rd7 Nf5 22. Bf2 a6 23. Na7 Qb8 24. Qd5 Rxa7 25. Qxf5 b6 26. Rxa7 Qxa7 27. Rd1
Bxb2 28. c5 Qb8 29. cxb6 Be5 30. h3 g6 31. Qd7 Kg7 32. b7 h5 33. Bc5 Re8 34.
Rf1 Bf4 35. Rxf4 Qxf4 36. Qxe8 1-0

[Event "URS-ch FL55"]
[Site "Sverdlovsk"]
[Date "1987.??.??"]
[Round "?"]
[White "Kupreichik, Viktor D"]
[Black "Huzman, Alexander"]
[Result "1-0"]
[WhiteElo "2500"]
[BlackElo "2500"]
[PlyCount "83"]
[EventDate "1987.11.??"]
[EventType "tourn"]
[EventRounds "17"]
[EventCountry "URS"]
[EventCategory "10"]
[SourceTitle "TD"]
[Source "ChessBase"]
[SourceDate "1994.03.01"]
[SourceVersion "1"]
[SourceVersionDate "1994.03.01"]
[SourceQuality "1"]

1. e4 e6 2. d4 d5 3. e5 c5 4. c3 Nc6 5. Be2 Qb6 6. Nf3 Nh6 7. Bxh6 gxh6 8. Qd2
Bg7 9. O-O O-O 10. Na3 f6 11. exf6 Rxf6 12. dxc5 Qxc5 13. b4 Qf8 14. Nc2 Bd7
15. b5 Ne7 16. Ne5 Rd8 17. Nd4 Ng6 18. Nxd7 Rxd7 19. Bg4 Rd6 20. Nxe6 Rfxe6 21.
Bxe6+ Rxe6 22. Qxd5 Qf7 23. f4 Re7 24. Qf3 Nh4 25. Qh3 Nf5 26. Rad1 Ne3 27.
Rd8+ Re8 28. Rxe8+ Qxe8 29. Re1 Bxc3 30. Rxe3 Bd4 31. Kf2 Qf7 32. Kf3 Bxe3 33.
Qc8+ Kg7 34. Kxe3 Qxa2 35. Qxb7+ Kg8 36. h3 h5 37. Qc8+ Kg7 38. Qd7+ Kg6 39.
Qe8+ Kh6 40. Qe5 Qxg2 41. Qf6+ Qg6 42. Qf8+ 1-0